| 000 | 00982cam a22002895a 4500 | ||
|---|---|---|---|
| 001 | 016650103 | ||
| 003 | OSt | ||
| 005 | 20160224113011.0 | ||
| 008 | 140109s2014 enka frb 001 0 eng d | ||
| 020 | _a9781472571816 (pbk.) | ||
| 040 |
_aStDuBDS _beng _cStDuBDS _dEG-ScBUE |
||
| 082 | 0 | 4 |
_a072.0141 _222 _bDAV |
| 100 | 1 |
_aDavies, Matt, _d1960- _939428 |
|
| 245 | 1 | 0 |
_aOppositions and ideology in news discourse / _cMatt Davies. |
| 260 |
_aLondon ; _aNew York : _bBloomsbury, _c2014. |
||
| 300 |
_axviii, 222 p. : _bill. ; _c24 cm. |
||
| 490 | 0 | _aAdvances in stylistics. | |
| 500 | _aOriginally published: London: Continuum, 2012. | ||
| 500 | _aIndex : p. 219-222. | ||
| 504 | _aBibliography : p. 215-218. | ||
| 650 | 0 |
_aDiscourse analysis _xPolitical aspects _zGreat Britain. _2BUEsh |
|
| 650 | 0 |
_aMass media _xPolitical aspects _zGreat Britain _2BUEsh |
|
| 650 | 0 |
_aDebates and debating in mass media. _2BUEsh |
|
| 651 | _2BUEsh | ||
| 653 |
_bEEENG _cFebruary2016 |
||
| 942 | _2ddc | ||
| 999 |
_c21229 _d21201 |
||